Vztah knihovnictví a bibliografie k vědeckým informacím

Podrobná bibliografia
Hlavný autor: Vinárek, Josef, 1920- (Autor)
Médium: Článok
Jazyk:čeština
Predmet:
On-line prístup:http://www.viks.sk/dkk/bs67I_209_213.doc

MARC

LEADER 00000nab a2200000 a 4500
001 vtls008849040
003 SK-MaSNL
005 20260426071823.0
008 150420c1967 xo 00 cze
015 |a SNBRRADKK190120XX 
040 |a SNKBUDKK  |b slo  |c SNKBUDKK  |e AACR2 
041 0 |a cze 
044 |a xo  |c SK 
080 |a 01  |x (437.6)  |2 1997 
080 |a 02  |x (437.6)  |2 1997 
100 1 |a Vinárek, Josef,  |d 1920-  |4 aut  |9 121421 
245 1 0 |a Vztah knihovnictví a bibliografie k vědeckým informacím  |c Dr. Josef Vinárek 
500 |a Rubrika: Diskusia 
611 2 7 |a Slovenská konferencia o bibliografii  |n (3. :  |d 1966 :  |c Trenčianske Teplice, Slovensko)  |2 snkbudkk  |9 1057505 
650 0 7 |a bibliografia  |2 SNKPH  |9 24254 
650 0 7 |a knihovníctvo  |2 SNKPH  |9 1557 
650 0 7 |a vedecké informácie  |2 SNKPH  |9 1284 
651 7 |a Slovensko  |2 SNKPH  |9 14231 
655 7 |a články zo zborníkov  |2 snkbudkk  |9 166140 
773 0 |t Bibliografický sborník 1967. I. zv.  |d Martin : Matica slovenská, 1967  |g S. 209-213 
850 |a Slovenská národná knižnica v Martine 
852 |a SNK  |b KIS3GCP 
856 4 1 |u http://www.viks.sk/dkk/bs67I_209_213.doc 
910 |a bdkk  |a memoriask 
958 |a KK 
999 |c 2682413  |d 2684343